000 00320nam a2200133Ia 4500
005 20260328104327.0
008 260328s9999||||xx |||||||||||||| ||und||
100 _aVásquez, Samuel
245 0 _aEl Abrazo de la Mirada /
_cSamuel Vásquez
260 _bCascada
300 _a65 p.
650 _aCOLOMBIA
942 _cBK
999 _c11573
_d11573